[Event "2nd American Continental"]
[Site "Buenos Aires ARG"]
[Date "2003.08.22"]
[Round "5"]
[White "Garcia Palermo, Carlos"]
[Black "Lujan, Carolina"]
[Result "1/2-1/2"]
[WhiteElo "2443"]
[BlackElo "2263"]
[EventDate "2003.08.17"]
[PlyCount "117"]

1.g3 Nf6 2.Bg2 d5 3.Nf3 g6 4.b4 a5 5.b5 c6 6.Na3 Bg7 7.Rb1 O-O 8.O-O Nbd7 
9.bxc6 bxc6 10.c4 e5 11.cxd5 cxd5 12.Nb5 Re8 13.Nd6 Re6 14.Nxf7 Qe8 15.
N7g5 Rc6 16.h4 h6 17.Nh3 Ba6 18.d3 Rac8 19.Bd2 Rc2 20.Ne1 Rxa2 21.Ra1 Rxa1
22.Qxa1 Nc5 23.Qxa5 Qb5 24.Qa2 Qb3 25.Qa1 Nfd7 26.Nf3 Rb8 27.Bc3 d4 28.Bd2
Na4 29.Nh2 Ndc5 30.f4 Qc2 31.Qe1 Rb2 32.Bc1 Rb1 33.fxe5 Nc3 34.Nf4 Bxe5 
35.Qd2 Rxc1 36.Qxc1 Qxc1 37.Rxc1 Bxf4 38.Rc2 Bxg3 39.Nf3 Ne6 40.Rb2 Bb5 
41.Kf1 Ba4 42.Bh3 Nf4 43.Rb8+ Kg7 44.Rb7+ Kf8 45.Nxd4 Nxh3 46.Kg2 Be5 47.
Ne6+ Ke8 48.Kxh3 Bd7 49.Rxd7 Kxd7 50.Nf8+ Kd6 51.Nxg6 h5 52.d4 Bxd4 53.Nf4
Be5 54.Nxh5 Nxe2 55.Kg4 Ke6 56.Kf3 Nd4+ 57.Ke4 Nf5 58.Nf4+ Bxf4 59.Kxf4 
1/2-1/2

[Event "2nd American Continental"]
[Site "Buenos Aires ARG"]
[Date "2003.08.22"]
[Round "5"]
[White "Gonzalez Garcia, Jose"]
[Black "Dobson Aguilar, Luis"]
[Result "1-0"]
[WhiteElo "2429"]
[BlackElo "2330"]
[EventDate "2003.08.17"]
[PlyCount "58"]

1.Nf3 c5 2.e4 e6 3.d4 cxd4 4.Nxd4 Qb6 5.Nb3 a6 6.Bd3 Qc7 7.O-O Nf6 8.f4 d6
9.c4 Nbd7 10.Nc3 b6 11.Qe2 Bb7 12.Bd2 Rc8 13.Rae1 Nc5 14.Nxc5 Qxc5+ 15.Be3
Qc7 16.Bd4 Be7 17.Qe3 Ng4 18.Qg3 h5 19.h3 Bf6 20.e5 dxe5 21.hxg4 exd4 22.
Nd5 Bxd5 23.cxd5 hxg4 24.dxe6 fxe6 25.Qxg4 Rh6 26.Qxe6+ Kf8 27.Bxa6 Rd8 
28.Bc4 Rh8 29.Rf3 b5 1-0

[Event "2nd American Continental"]
[Site "Buenos Aires ARG"]
[Date "2003.08.22"]
[Round "5"]
[White "Gulko, Boris"]
[Black "Lafuente, Pablo"]
[Result "1/2-1/2"]
[WhiteElo "2583"]
[BlackElo "2431"]
[EventDate "2003.08.17"]
[PlyCount "33"]

1.Nf3 c5 2.g3 g6 3.c4 Bg7 4.Nc3 Nc6 5.Bg2 d6 6.O-O e5 7.a3 Nge7 8.Rb1 a5 
9.d3 O-O 10.Bg5 f6 11.Bd2 Be6 12.Ne1 d5 13.b3 f5 14.Nf3 h6 15.cxd5 Nxd5 
16.Qc1 Kh7 17.Re1 1/2-1/2

[Event "2nd American Continental"]
[Site "Buenos Aires ARG"]
[Date "2003.08.22"]
[Round "5"]
[White "Hernandez Lagos, Hector"]
[Black "Lida Garcia, Fernando"]
[Result "1/2-1/2"]
[WhiteElo "2200"]
[BlackElo "2130"]
[EventDate "2003.08.17"]
[PlyCount "89"]

1.c4 f5 2.g3 Nf6 3.Bg2 g6 4.Nc3 Bg7 5.d4 d6 6.Nf3 O-O 7.O-O Nc6 8.Re1 a6 
9.d5 Na5 10.Nd2 c5 11.Qc2 Rb8 12.Rb1 b5 13.b3 Bd7 14.Bb2 bxc4 15.bxc4 Bh6 
16.e3 Ng4 17.h3 Ne5 18.Ne2 Bg7 19.f4 Rxb2 20.Rxb2 Nexc4 21.Nxc4 Nxc4 22.
Rb3 Qa5 23.Rd1 Bb5 24.Kf2 Qa4 25.Nc3 Bxc3 26.Rxc3 Qb4 27.Rb1 Nxe3 28.Rxb4 
Nxc2 29.Rxb5 axb5 30.Rxc2 Ra8 31.Bf1 Ra5 32.Rb2 b4 33.Bc4 Kf7 34.Re2 Ra3 
35.Re3 Ra7 36.Ke2 Kf6 37.Kd2 h6 38.Kc2 g5 39.Re6+ Kg7 40.Re3 Kg6 41.Kb2 
gxf4 42.gxf4 Rb7 43.Re6+ Kg7 44.Bd3 Rc7 45.Bxf5 1/2-1/2

[Event "2nd American Continental"]
[Site "Buenos Aires ARG"]
[Date "2003.08.22"]
[Round "5"]
[White "Huertas Soris, Ramon"]
[Black "Leeuw, Pablo Gabriel"]
[Result "1-0"]
[WhiteElo "2288"]
[BlackElo "2110"]
[EventDate "2003.08.17"]
[PlyCount "73"]

1.e4 e6 2.d4 d5 3.Nd2 Nf6 4.Bd3 b6 5.Ngf3 dxe4 6.Nxe4 Bb7 7.Nxf6+ gxf6 8.
Qe2 Bd6 9.Be3 Qe7 10.O-O-O Nd7 11.Ba6 O-O-O 12.Rhe1 Nb8 13.Bxb7+ Kxb7 14.
Nd2 c6 15.Ne4 Bc7 16.Qf3 Nd7 17.Kb1 Rhg8 18.g3 f5 19.Nc3 Nf6 20.Bc1 Qb4 
21.b3 Qf8 22.h3 a6 23.g4 Nd5 24.gxf5 Nxc3+ 25.Qxc3 exf5 26.Qf3 Rd5 27.c4 
Rd7 28.Qxf5 Qd8 29.Be3 Rg6 30.h4 Rdd6 31.h5 Rdf6 32.Qc2 Rg7 33.d5 Qf8 34.
Bd4 Rh6 35.Bxg7 Qxg7 36.Re7 Rd6 37.Qf5 1-0

[Event "2nd American Continental"]
[Site "Buenos Aires ARG"]
[Date "2003.08.22"]
[Round "5"]
[White "Julia, Ernesto"]
[Black "Manzone, Alessandro jr"]
[Result "1-0"]
[WhiteElo "2387"]
[BlackElo "2119"]
[EventDate "2003.08.17"]
[PlyCount "95"]

1.g3 Nf6 2.Bg2 d5 3.c4 dxc4 4.Na3 c6 5.Nxc4 g6 6.b3 Bg7 7.Bb2 O-O 8.Nf3 
Nbd7 9.O-O b5 10.Nce5 Bb7 11.Rc1 Rc8 12.Rc2 c5 13.Qa1 Nxe5 14.Bxe5 Qb6 15.
Rfc1 Bd5 16.d3 Rfd8 17.Bh3 Be6 18.Bxe6 Qxe6 19.Rxc5 Rxc5 20.Rxc5 Nd7 21.
Qd4 f6 22.Bc7 Rc8 23.Rc2 Nb6 24.Qb2 Nd5 25.Ba5 f5 26.Qc1 Rxc2 27.Qxc2 h6 
28.Qc5 a6 29.e3 Kh7 30.a4 bxa4 31.bxa4 f4 32.Bd2 fxe3 33.Bxe3 Nxe3 34.Qxe3
Qc6 35.Qe4 Qc3 36.Kg2 Qc7 37.h4 Qa5 38.g4 h5 39.Ng5+ Kh6 40.gxh5 Kxh5 41.
Ne6 Bf6 42.Nf4+ Kxh4 43.Qxg6 Qg5+ 44.Qxg5+ Bxg5 45.Kf3 Bh6 46.Ng6+ Kg5 47.
Nxe7 Bg7 48.Ke4 1-0

[Event "2nd American Continental"]
[Site "Buenos Aires ARG"]
[Date "2003.08.22"]
[Round "5"]
[White "Leon Hoyos, Manuel"]
[Black "Fiori, Hector"]
[Result "1-0"]
[WhiteElo "2281"]
[BlackElo "2037"]
[EventDate "2003.08.17"]
[PlyCount "72"]

1.e4 c6 2.d4 d5 3.Nd2 dxe4 4.Nxe4 Nf6 5.Nxf6+ exf6 6.Nf3 Bd6 7.Bd3 Qc7 8.
O-O O-O 9.h3 b6 10.Qe2 Be6 11.Qe4 f5 12.Qh4 Qd8 13.Bg5 f6 14.Bd2 g6 15.
Rfe1 Bf7 16.Bh6 Re8 17.Rxe8+ Bxe8 18.Re1 Bf7 19.Ne5 Qe7 20.Nf3 Qd8 21.g4 
fxg4 22.hxg4 Nd7 23.Kg2 Bf8 24.Bd2 Bd5 25.Rh1 Qe7 26.Bxg6 Be4 27.Bxe4 Qxe4
28.g5 Re8 29.Qh5 Qg6 30.Qxg6+ hxg6 31.gxf6 Nxf6 32.Ne5 Ne4 33.Be3 Re6 34.
Kf3 Nc5 35.Rg1 Kh7 36.Nxg6 Na4 1-0

[Event "2nd American Continental"]
[Site "Buenos Aires ARG"]
[Date "2003.08.22"]
[Round "5"]
[White "Liascovich, Lucas"]
[Black "Lanza, Diego"]
[Result "1-0"]
[WhiteElo "2310"]
[BlackElo "2067"]
[EventDate "2003.08.17"]
[PlyCount "93"]

1.Nf3 Nf6 2.d4 g6 3.c4 Bg7 4.Nc3 O-O 5.Bf4 d6 6.e3 Nbd7 7.Be2 c6 8.h3 a6 
9.a4 Qa5 10.O-O e5 11.Bh2 Ne8 12.Rb1 Qd8 13.dxe5 dxe5 14.Bxe5 Bxe5 15.Nxe5
f5 16.c5 Qe7 17.Bc4+ Kg7 18.Nxd7 Bxd7 19.Qd4+ Nf6 20.Rfd1 Be6 21.Bxe6 Qxe6
22.Qb4 Qe7 23.Rd6 Rae8 24.Rbd1 Rf7 25.Qd4 g5 26.b4 h5 27.h4 gxh4 28.Ne2 
Qe4 29.Qb2 Qe5 30.Qxe5 Rxe5 31.Nf4 Rfe7 32.R1d4 Re4 33.Kf1 Kf7 34.Ke2 Rxd4
35.Rxd4 Re4 36.Kd3 Re5 37.a5 Kf8 38.f3 Re7 39.Rd6 Kf7 40.Kd4 Re8 41.Nd3 
Rg8 42.Ke5 Nd5 43.Rd7+ Ke8 44.Rxb7 Rxg2 45.b5 axb5 46.a6 Ra2 47.a7 1-0

[Event "2nd American Continental"]
[Site "Buenos Aires ARG"]
[Date "2003.08.22"]
[Round "5"]
[White "Lopez Rebert, Pablo"]
[Black "Martinez Garcia, Jose Joaquin"]
[Result "0-1"]
[WhiteElo "2116"]
[BlackElo "2172"]
[EventDate "2003.08.17"]
[PlyCount "74"]

1.e4 c5 2.Nf3 e6 3.d4 cxd4 4.c3 d5 5.exd5 Qxd5 6.cxd4 Nc6 7.Nc3 Bb4 8.Bd3 
Nf6 9.O-O Qd8 10.a3 Be7 11.b4 O-O 12.b5 Nb8 13.Bg5 Nbd7 14.Qc2 h6 15.Bh4 
Nb6 16.Qe2 Nbd5 17.Nxd5 Qxd5 18.a4 g5 19.Bg3 b6 20.Bc4 Qe4 21.Qd2 Bb7 22.
Rae1 Qf5 23.Re5 Ne4 24.Qe3 Qg6 25.Bd3 f5 26.Bc4 Rf6 27.Qb3 f4 28.Rxe6 Rxe6
29.Bxe6+ Kg7 30.Ne5 Qf6 31.Bg4 fxg3 32.Nd7 gxf2+ 33.Kh1 Qd6 34.Qf3 Bd5 35.
Ne5 Nd2 36.Qe2 Nxf1 37.Qxf1 Rf8 0-1

[Event "2nd American Continental"]
[Site "Buenos Aires ARG"]
[Date "2003.08.22"]
[Round "5"]
[White "Lugo, Blas"]
[Black "Demaria, Juan Pablo"]
[Result "0-1"]
[WhiteElo "2416"]
[BlackElo "2242"]
[EventDate "2003.08.17"]
[PlyCount "82"]

1.e4 c5 2.Nf3 d6 3.d4 cxd4 4.Nxd4 Nf6 5.Nc3 Nc6 6.Be3 e5 7.Nb3 Be7 8.f3 
Be6 9.Nd5 Bxd5 10.exd5 Nb4 11.c4 a5 12.Qd2 b6 13.Be2 O-O 14.O-O Nd7 15.f4 
Na6 16.Rad1 Nac5 17.Nxc5 bxc5 18.Bd3 Bf6 19.Qc2 h6 20.Rf3 Re8 21.Rdf1 e4 
22.Bxe4 Bxb2 23.Bh7+ Kh8 24.Qxb2 Kxh7 25.Qc2+ Kg8 26.Bc1 Qe7 27.Bb2 Qe4 
28.Qc3 f6 29.Rg3 a4 30.h3 Rab8 31.Bc1 Kf7 32.Qa5 Qd4+ 33.Kh2 Qxc4 34.Qc7 
Re7 35.Rd1 Qa6 36.f5 Rc8 37.Qxc8 Qxc8 38.Bf4 Ne5 39.Bxe5 Rxe5 40.Rg4 Qxf5 
41.Rxa4 Rxd5 0-1

[Event "2nd American Continental"]
[Site "Buenos Aires ARG"]
[Date "2003.08.22"]
[Round "5"]
[White "Marcolino, Daniel Mattos"]
[Black "Giampa, Alejandro"]
[Result "0-1"]
[WhiteElo "2055"]
[BlackElo "2271"]
[EventDate "2003.08.17"]
[PlyCount "74"]

1.d4 e6 2.c4 Nf6 3.Nf3 Bb4+ 4.Nbd2 d5 5.e3 c5 6.cxd5 Qxd5 7.dxc5 Nc6 8.Qc2
O-O 9.Bc4 Qh5 10.a3 Bxc5 11.b4 Bb6 12.Bb2 Bd7 13.Be2 Qh6 14.Rd1 Rfd8 15.
Nc4 Bc7 16.b5 Ne7 17.Nce5 Ba5+ 18.Kf1 Be8 19.h4 Nfd5 20.Qa4 Bb6 21.Ng4 Qh5
22.Nfe5 a6 23.Nf6+ Nxf6 24.Bxh5 Bxb5+ 25.Qxb5 Rxd1+ 26.Bxd1 axb5 27.Be2 
Bc5 28.Bxb5 Bxa3 29.Bd4 Nf5 30.Ke2 Nxd4+ 31.exd4 Rd8 32.Nf3 Nd5 33.Bd3 
Nf4+ 34.Kd2 Bb4+ 35.Ke3 Nxg2+ 36.Ke4 f5+ 37.Ke5 Rd5+ 0-1

[Event "2nd American Continental"]
[Site "Buenos Aires ARG"]
[Date "2003.08.22"]
[Round "5"]
[White "Markzon, Gregory"]
[Black "Gomez Baillo, Jorge"]
[Result "0-1"]
[WhiteElo "2267"]
[BlackElo "2429"]
[EventDate "2003.08.17"]
[PlyCount "43"]

1.e4 c6 2.d4 d5 3.Nd2 dxe4 4.Nxe4 Bf5 5.Ng3 Bg6 6.h4 h6 7.Nf3 Nf6 8.Ne5 
Bh7 9.Bd3 Bxd3 10.Qxd3 Nbd7 11.f4 e6 12.Bd2 c5 13.O-O-O Be7 14.Bc3 O-O 15.
Nxd7 Qxd7 16.Ne4 Rfd8 17.Nxc5 Qd5 18.Nb3 Rac8 19.f5 Rc7 20.fxe6 Rxc3 21.
exf7+ Kf8 22.bxc3 0-1

[Event "2nd American Continental"]
[Site "Buenos Aires ARG"]
[Date "2003.08.22"]
[Round "5"]
[White "Milos, Gilberto"]
[Black "Kudrin, Sergey"]
[Result "1-0"]
[WhiteElo "2592"]
[BlackElo "2538"]
[EventDate "2003.08.17"]
[PlyCount "101"]

1.e4 c5 2.Nf3 d6 3.d4 cxd4 4.Nxd4 Nf6 5.Nc3 g6 6.Be3 Bg7 7.f3 Nc6 8.Qd2 
O-O 9.Bc4 Bd7 10.O-O-O Qa5 11.Bb3 Rfc8 12.g4 Ne5 13.h4 b5 14.h5 Nc4 15.
Bxc4 bxc4 16.hxg6 fxg6 17.Kb1 Rab8 18.Ka1 Qb4 19.Qc1 Be8 20.a3 Qb7 21.Ne6 
Bh8 22.Rh4 Rc6 23.e5 Bf7 24.Ng5 dxe5 25.Rdh1 h5 26.gxh5 Nxh5 27.Nxf7 Kxf7 
28.Ne4 Bf6 29.Rg4 Rg8 30.Qd2 Rcc8 31.Qc3 Qd5 32.Rh2 Qd1+ 33.Ka2 Rgd8 34.
Rhg2 Qxf3 35.Ng5+ Bxg5 36.Rxg5 Nf6 37.Rxg6 Rd5 38.Rg7+ Ke6 39.Rxe7+ Kxe7 
40.Bc5+ Rcxc5 41.Qxf3 e4 42.Rg7+ Ke6 43.Qh3+ Rf5 44.Rxa7 Re5 45.Qc3 Rc5 
46.Qd4 Rfe5 47.Ra6+ Kf7 48.Qd8 Rf5 49.Ra7+ Kg6 50.Qf8 Rfe5 51.Ra6 1-0

[Event "2nd American Continental"]
[Site "Buenos Aires ARG"]
[Date "2003.08.22"]
[Round "5"]
[White "Morinongeli, Martin"]
[Black "Bibiloni, Jorge Jaime"]
[Result "0-1"]
[WhiteElo "2143"]
[BlackElo "2203"]
[EventDate "2003.08.17"]
[PlyCount "40"]

1.d4 Nf6 2.c4 d6 3.Nc3 e5 4.e4 exd4 5.Qxd4 Nc6 6.Qe3 g6 7.g3 Bg7 8.Bg2 O-O
9.Nge2 Re8 10.Qd2 Ne5 11.b3 Bg4 12.Qe3 c6 13.f3 d5 14.f4 Nxc4 15.bxc4 Nxe4
16.Bxe4 Bxe2 17.Kxe2 d4 18.Qf3 dxc3 19.Be3 f5 20.Bxf5 Qd2+ 0-1

[Event "2nd American Continental"]
[Site "Buenos Aires ARG"]
[Date "2003.08.22"]
[Round "5"]
[White "Needleman, Alejandro"]
[Black "Vasquez Schroder, Rodrigo"]
[Result "1/2-1/2"]
[WhiteElo "2434"]
[BlackElo "2514"]
[EventDate "2003.08.17"]
[PlyCount "53"]

1.e4 c5 2.Nf3 d6 3.Bc4 Nf6 4.Qe2 e6 5.c3 Be7 6.Bb3 O-O 7.O-O b6 8.a4 Ba6 
9.d3 Nc6 10.Re1 d5 11.e5 Nd7 12.Bf4 Re8 13.Nbd2 f6 14.c4 Ndxe5 15.Bxe5 
fxe5 16.a5 Nxa5 17.Ba4 Rf8 18.Nxe5 Qd6 19.Nd7 Rf7 20.Qxe6 dxc4 21.Nxc4 
Nxc4 22.Qe4 Rd8 23.dxc4 Bf6 24.Qe8+ Rf8 25.Qe4 Rf7 26.Qe8+ Rf8 27.Qe4 
1/2-1/2

[Event "2nd American Continental"]
[Site "Buenos Aires ARG"]
[Date "2003.08.22"]
[Round "5"]
[White "Nogueiras Santiago, Jesus"]
[Black "Hobaica, Juan Pablo"]
[Result "1-0"]
[WhiteElo "2521"]
[BlackElo "2281"]
[EventDate "2003.08.17"]
[PlyCount "39"]

1.Nf3 d5 2.e3 g6 3.c4 Nf6 4.cxd5 Nxd5 5.d4 Bg7 6.e4 Nb6 7.h3 O-O 8.Nc3 Nc6
9.Be3 f5 10.exf5 gxf5 11.g3 Kh8 12.Bg2 Nb4 13.O-O N4d5 14.Bg5 Qd6 15.Re1 
Bf6 16.Bxf6+ exf6 17.Nh4 Nxc3 18.bxc3 f4 19.Qh5 f5 20.Re7 1-0

[Event "2nd American Continental"]
[Site "Buenos Aires ARG"]
[Date "2003.08.22"]
[Round "5"]
[White "Ojeda, Hernan"]
[Black "Andrade, Roberto Luiz Costa"]
[Result "1-0"]
[WhiteElo "2226"]
[BlackElo "2309"]
[EventDate "2003.08.17"]
[PlyCount "81"]

1.Nf3 Nf6 2.g3 d5 3.Bg2 c6 4.O-O Bf5 5.d3 e6 6.Nbd2 Nbd7 7.c4 Be7 8.a3 a5 
9.Rb1 a4 10.b4 axb3 11.Qxb3 Nc5 12.Qc2 h6 13.Bb2 O-O 14.Rfd1 Nfd7 15.e4 
dxe4 16.dxe4 Bh7 17.Nd4 Qc7 18.f4 e5 19.fxe5 Nxe5 20.N2b3 Rfd8 21.Kh1 Bf8 
22.Nxc5 Bxc5 23.Nb3 Be7 24.c5 Bg6 25.Nd4 Bh5 26.Rf1 Ra5 27.Nb3 Rb5 28.Bxe5
Qxe5 29.Rf5 Qe6 30.Rxh5 g6 31.Rxh6 Bg5 32.Rh3 Ra8 33.Nd4 Rxb1+ 34.Qxb1 Qc4
35.Nb3 Bf6 36.Bf1 Qe6 37.g4 Qxg4 38.Nd2 Rd8 39.Nf3 Re8 40.Rg3 Qf4 41.Bd3 
1-0

[Event "2nd American Continental"]
[Site "Buenos Aires ARG"]
[Date "2003.08.22"]
[Round "5"]
[White "Plazaola, Maria De los Angeles"]
[Black "Urchipia, Carlos Daniel"]
[Result "1-0"]
[WhiteElo "2047"]
[BlackElo "2173"]
[EventDate "2003.08.17"]
[PlyCount "168"]

1.e4 d5 2.exd5 Qxd5 3.Nc3 Qa5 4.d4 Nf6 5.Bc4 c6 6.Ne2 Bf5 7.O-O e6 8.Bf4 
Nbd7 9.h3 Be7 10.Qd2 Qd8 11.Bh2 Nb6 12.Bb3 Ne4 13.Nxe4 Bxe4 14.Rad1 Bd5 
15.Qd3 Bxb3 16.Qxb3 Qd5 17.Rd3 Qxb3 18.Rxb3 Bf6 19.Bc7 Kd7 20.Bg3 Rhd8 21.
a3 Rac8 22.c4 c5 23.d5 exd5 24.cxd5 c4 25.Rb5 Re8 26.Nc3 Bd4 27.d6 Bc5 28.
b4 cxb3 29.Rxb3 Rc6 30.Rd1 Re6 31.Nb5 Rc8 32.Nc7 Rg6 33.Kf1 Bxd6 34.Nb5 
Nc4 35.Nxa7 Rc7 36.Nb5 Rc6 37.Nxd6 Nxd6 38.Rxb7+ Ke8 39.Bxd6 Rcxd6 40.Rc1 
Rd8 41.Rcc7 Re6 42.g3 Rd1+ 43.Kg2 Rf6 44.Re7+ Kf8 45.Re2 g6 46.Ra2 Ra6 47.
Rb3 Rd4 48.Kf3 Rda4 49.Ke3 Re6+ 50.Kd2 Rf6 51.f3 Kg7 52.Rc2 Rfa6 53.Rcc3 
h5 54.Kc2 Re6 55.Re3 Rd6 56.Rb4 Ra5 57.a4 Rc6+ 58.Rc3 Re6 59.Kb3 Re1 60.
Re4 Rb1+ 61.Ka2 Rh1 62.h4 Rg1 63.g4 Ra7 64.Rd4 Ra5 65.Kb2 Ra7 66.Kc2 Ra1 
67.Kb3 Rb1+ 68.Ka2 Rg1 69.Kb2 Ra5 70.Ka3 Ra1+ 71.Kb3 Rb1+ 72.Kc2 Ra1 73.
Kb3 Rb1+ 74.Ka2 Rg1 75.Rb3 Ra7 76.Ra3 Rb7 77.Rd2 Ra7 78.a5 Ra6 79.Rdd3 Rc1
80.Kb3 Rc7 81.Rd4 Rb7+ 82.Rb4 Re7 83.Rb5 Rc6 84.Rb6 Rc1 1-0

[Event "2nd American Continental"]
[Site "Buenos Aires ARG"]
[Date "2003.08.22"]
[Round "5"]
[White "Ramirez Alvarez, Alejandro"]
[Black "Shabalov, Alexander"]
[Result "1-0"]
[WhiteElo "2450"]
[BlackElo "2575"]
[EventDate "2003.08.17"]
[PlyCount "83"]

1.e4 c5 2.Nf3 Nc6 3.d4 cxd4 4.Nxd4 Nf6 5.Nc3 e5 6.Ndb5 d6 7.Bg5 a6 8.Na3 
b5 9.Bxf6 gxf6 10.Nd5 f5 11.Bd3 Be6 12.O-O Bxd5 13.exd5 Ne7 14.c3 Bg7 15.
Qh5 e4 16.Bc2 O-O 17.Rae1 Re8 18.f3 Nxd5 19.fxe4 Qb6+ 20.Kh1 Ne3 21.Rf3 
Nxc2 22.Nxc2 fxe4 23.Qxf7+ Kh8 24.Rg3 Rg8 25.Rh3 Qa7 26.Qf5 Be5 27.Qxe4 
Qg7 28.Nd4 Rae8 29.Nf5 Qg6 30.Rh6 Qf7 31.Rf1 Rgf8 32.Qd3 Qc4 33.Qxc4 bxc4 
34.g4 Rb8 35.Rf2 Rb6 36.Re6 Rfb8 37.h4 a5 38.a4 h5 39.Rh6+ Kg8 40.Ne7+ Kg7
41.Rg6+ Kh8 42.Rf5 1-0

[Event "2nd American Continental"]
[Site "Buenos Aires ARG"]
[Date "2003.08.22"]
[Round "5"]
[White "Restuccia, Francisco"]
[Black "Needleman, Gaston"]
[Result "1-0"]
[WhiteElo "2239"]
[BlackElo "2155"]
[EventDate "2003.08.17"]
[PlyCount "37"]

1.e4 c5 2.d4 cxd4 3.c3 dxc3 4.Nxc3 d6 5.Nf3 e6 6.Bc4 Nf6 7.O-O Be7 8.Qe2 
O-O 9.Rd1 Nc6 10.e5 Ne8 11.exd6 Bxd6 12.Bg5 Qa5 13.Nb5 Be7 14.Bd2 Bb4 15.
Bf4 a6 16.Nbd4 Nxd4 17.Nxd4 b6 18.a3 Bd6 19.Nb3 1-0

[Event "2nd American Continental"]
[Site "Buenos Aires ARG"]
[Date "2003.08.22"]
[Round "5"]
[White "Ripari, Marcelo"]
[Black "Orsini, Antonio"]
[Result "0-1"]
[WhiteElo "2319"]
[BlackElo "2181"]
[EventDate "2003.08.17"]
[PlyCount "66"]

1.e4 e6 2.d4 d5 3.Nd2 Nf6 4.e5 Nfd7 5.f4 c5 6.c3 Nc6 7.Ndf3 Qb6 8.g3 cxd4 
9.cxd4 Bb4+ 10.Kf2 f6 11.Kg2 g5 12.h3 gxf4 13.Bxf4 fxe5 14.dxe5 Nf8 15.Bd3
Bd7 16.Rh2 O-O-O 17.Kh1 Be8 18.Rc2 Kb8 19.Bg5 Rd7 20.Rac1 Bg6 21.Ne2 Bxd3 
22.Qxd3 Ng6 23.Bf6 Rf8 24.Nfd4 Nxd4 25.Qxd4 Be7 26.Qa4 Rdd8 27.Bxe7 Nxe7 
28.Nd4 Nf5 29.Rc5 Nxg3+ 30.Kg2 Rg8 31.Kh2 Nf1+ 32.Kh1 Rg3 33.Rb5 Rdg8 0-1

[Event "2nd American Continental"]
[Site "Buenos Aires ARG"]
[Date "2003.08.22"]
[Round "5"]
[White "Rodriguez Vila, Andres"]
[Black "Malbran, Guillermo"]
[Result "1-0"]
[WhiteElo "2485"]
[BlackElo "2345"]
[EventDate "2003.08.17"]
[PlyCount "99"]

1.e4 Nf6 2.e5 Nd5 3.d4 d6 4.c4 Nb6 5.exd6 exd6 6.Bd3 Nc6 7.Nf3 Bg4 8.Be3 
Be7 9.Nbd2 O-O 10.Qc2 f5 11.a3 f4 12.Bxh7+ Kh8 13.O-O fxe3 14.fxe3 Bg5 15.
Rae1 Bxf3 16.Nxf3 Qe7 17.Bd3 Bh6 18.Qb3 a6 19.Bc2 g5 20.Nd2 Rxf1+ 21.Nxf1 
Na5 22.Qd3 Naxc4 23.Ng3 Nxb2 24.Qg6 Qg7 25.Qh5 Rf8 26.Nf5 Rxf5 27.Bxf5 
N6c4 28.Rf1 d5 29.Rf3 Nd6 30.Be6 c6 31.h4 gxh4 32.Qxh4 Qg5 33.Qh2 Nbc4 34.
Kh1 Kh7 35.Rg3 Qf6 36.Qh3 Ne4 37.Bf5+ Kh8 38.Bxe4 dxe4 39.Qc8+ Qf8 40.Qh3 
Nd6 41.Qe6 Nf5 42.Rh3 Kh7 43.Qxe4 Kg7 44.Rf3 Bxe3 45.Qg4+ Kh7 46.Rxf5 Qg7 
47.Qe4 Qxd4 48.Rf7+ Kh6 49.Qh7+ Kg5 50.Rf5+ 1-0

[Event "2nd American Continental"]
[Site "Buenos Aires ARG"]
[Date "2003.08.22"]
[Round "5"]
[White "Romero, Leandro"]
[Black "Estay Torreblanca, Oscar"]
[Result "1/2-1/2"]
[WhiteElo "2096"]
[BlackElo "2231"]
[EventDate "2003.08.17"]
[PlyCount "83"]

1.e4 e5 2.Nf3 Nc6 3.Bb5 f5 4.Nc3 fxe4 5.Nxe4 d5 6.Nxe5 dxe4 7.Nxc6 Qd5 8.
c4 Qd6 9.Nxa7+ Bd7 10.Bxd7+ Qxd7 11.Nb5 Nf6 12.Qe2 Bb4 13.O-O O-O 14.h3 c6
15.Nc3 Qf5 16.a3 Bc5 17.b4 Bxb4 18.Bb2 Bc5 19.Nd1 Rad8 20.Ne3 Qf4 21.Rad1 
Rd3 22.g3 Qd6 23.Kg2 Rd8 24.Bc3 Qe6 25.Rb1 R3d7 26.Nc2 Qf5 27.Ne3 Qe6 28.
Nc2 Qf5 29.Ne3 Qg6 30.a4 Bd4 31.Bxd4 Rxd4 32.Rfd1 R8d7 33.Rb2 Qg5 34.Rdb1 
Rd8 35.h4 Qh5 36.Rxb7 Rxd2 37.Qe1 Qe5 38.Ra7 Nh5 39.Kg1 R2d6 40.Ra5 c5 41.
Nd5 Rg6 42.Ra7 1/2-1/2

[Event "2nd American Continental"]
[Site "Buenos Aires ARG"]
[Date "2003.08.22"]
[Round "5"]
[White "Rosito, Jorge"]
[Black "Zapata, Alonso"]
[Result "1/2-1/2"]
[WhiteElo "2426"]
[BlackElo "2543"]
[EventDate "2003.08.17"]
[PlyCount "93"]

1.e4 c5 2.Nf3 e6 3.d4 cxd4 4.Nxd4 a6 5.Nc3 Qc7 6.Be2 Nc6 7.O-O Nf6 8.Kh1 
Be7 9.f4 d6 10.Be3 O-O 11.Qe1 Bd7 12.Qg3 Nxd4 13.Bxd4 Bc6 14.Rae1 b5 15.a3
Qb7 16.Bd3 b4 17.Nd1 bxa3 18.bxa3 g6 19.Nf2 Rae8 20.Ng4 Nxg4 21.Qxg4 f5 
22.exf5 exf5 23.Qh3 Bd5 24.c4 Bc6 25.Re6 Bh4 26.Rxe8 Rxe8 27.Qxh4 Bxg2+ 
28.Kg1 Bxf1 29.Bxf1 Qf3 30.Qg3 Qd1 31.Bc3 Qc1 32.Bb4 Qd1 33.c5 dxc5 34.
Bxc5 Re1 35.Qg2 Qc1 36.Qd5+ Kg7 37.Qd7+ Kg8 38.Qd8+ Kf7 39.Qf8+ Ke6 40.
Qd6+ Kf7 41.Qf8+ Ke6 42.Qe7+ Kd5 43.Qd6+ Ke4 44.Qd3+ Kxf4 45.Qg3+ Ke4 46.
Qd3+ Kf4 47.Qg3+ 1/2-1/2

[Event "2nd American Continental"]
[Site "Buenos Aires ARG"]
[Date "2003.08.22"]
[Round "5"]
[White "Sagalchik, Gennady"]
[Black "Kanefsck, Gustavo"]
[Result "1/2-1/2"]
[WhiteElo "2491"]
[BlackElo "2389"]
[EventDate "2003.08.17"]
[PlyCount "80"]

1.d4 d5 2.c4 c6 3.Nf3 Nf6 4.Nc3 e6 5.cxd5 exd5 6.Qc2 Be7 7.Bg5 Be6 8.e3 
Nbd7 9.Bd3 O-O 10.h3 Re8 11.g4 Qa5 12.Kf1 g6 13.Nd2 Nf8 14.Bf4 Qd8 15.Kg2 
Bc8 16.Nf3 Ne6 17.Bg3 b6 18.Rad1 Bb7 19.h4 Nxg4 20.h5 Nf8 21.hxg6 hxg6 22.
Ne5 Nxe5 23.Bxe5 Bf6 24.f4 Bg7 25.Bxg7 Kxg7 26.Kf3 Ne6 27.Ne2 Qf6 28.Ng3 
Rh8 29.Qg2 Rxh1 30.Rxh1 Kf8 31.Rh6 Re8 32.Nf5 Bc8 33.Qh2 Kg8 34.Nd6 Rd8 
35.Nxf7 Kxf7 36.Bxg6+ Qxg6 37.Rxg6 Kxg6 38.Qc2+ Kf6 39.Qxc6 Ba6 40.Qa4 Bd3
1/2-1/2

[Event "2nd American Continental"]
[Site "Buenos Aires ARG"]
[Date "2003.08.22"]
[Round "5"]
[White "Sagalchik, Olga"]
[Black "Sosa Harrison, Jorge"]
[Result "0-1"]
[WhiteElo "2111"]
[BlackElo "2294"]
[EventDate "2003.08.17"]
[PlyCount "92"]

1.d4 Nf6 2.c4 b6 3.Nc3 Bb7 4.Bg5 e6 5.f3 h6 6.Bh4 d5 7.cxd5 exd5 8.e3 Be7 
9.Bb5+ c6 10.Ba4 O-O 11.Nge2 b5 12.Bc2 b4 13.Na4 Ba6 14.O-O Nbd7 15.Re1 
Bb5 16.b3 Re8 17.Nb2 Qc7 18.Bg3 Bd6 19.Bxd6 Qxd6 20.Ng3 g6 21.e4 dxe4 22.
fxe4 Rad8 23.Nc4 Bxc4 24.bxc4 Ne5 25.Rf1 Nfg4 26.c5 Qxd4+ 27.Qxd4 Rxd4 28.
Bb3 Red8 29.Rae1 Rd3 30.Rf4 Ne3 31.Nf1 Nxf1 32.Rexf1 R8d7 33.h4 h5 34.Rf6 
Rc3 35.Rd6 Rxd6 36.cxd6 Rd3 37.Rc1 Kg7 38.Rc5 Kf6 39.Ra5 Rxd6 40.Rxa7 Rd4 
41.g3 Rxe4 42.Rc7 Re3 43.Kg2 Rc3 44.Rb7 c5 45.Rb6+ Kf5 46.Bd1 Nc4 0-1

[Event "2nd American Continental"]
[Site "Buenos Aires ARG"]
[Date "2003.08.22"]
[Round "5"]
[White "Schneider, Dmitry"]
[Black "Lemos, Damian"]
[Result "1-0"]
[WhiteElo "2425"]
[BlackElo "2206"]
[EventDate "2003.08.17"]
[PlyCount "79"]

1.e4 e6 2.d4 d5 3.e5 c5 4.c3 Qb6 5.Nf3 Nc6 6.a3 c4 7.g3 Na5 8.Nbd2 Bd7 9.
Rb1 O-O-O 10.Bg2 Kb8 11.O-O Rc8 12.Qe2 h6 13.h4 Ne7 14.h5 g6 15.Nh2 gxh5 
16.Qxh5 Be8 17.Qe2 h5 18.Ndf3 Ng6 19.Bg5 Bg7 20.Nh4 Nc6 21.Bf3 Nce7 22.
Nxg6 Nxg6 23.Bxh5 Nf8 24.Bf3 Ba4 25.Ng4 Nd7 26.Kg2 Rh5 27.Bf4 Rch8 28.Rh1 
Rxh1 29.Rxh1 Rxh1 30.Kxh1 Qd8 31.Kg2 Kc8 32.Qd2 Nf8 33.Bh6 Bxh6 34.Qxh6 
Nd7 35.Qg7 Qf8 36.Qh7 Kd8 37.Nf6 Nxf6 38.exf6 Be8 39.Bh5 Qd6 40.Bxf7 1-0

[Event "2nd American Continental"]
[Site "Buenos Aires ARG"]
[Date "2003.08.22"]
[Round "5"]
[White "Sorin, Ariel"]
[Black "Flores, Diego"]
[Result "1/2-1/2"]
[WhiteElo "2519"]
[BlackElo "2439"]
[EventDate "2003.08.17"]
[PlyCount "107"]

1.d4 g6 2.c4 Bg7 3.e4 d6 4.Nc3 Nc6 5.Be3 Nf6 6.f3 O-O 7.Qd2 a6 8.Nge2 Rb8 
9.Nc1 e5 10.Nb3 exd4 11.Nxd4 Ne5 12.Rd1 c5 13.Nb3 Be6 14.Qxd6 Qxd6 15.Rxd6
Bxc4 16.Bxc5 Rfc8 17.Ba7 Ra8 18.Bd4 Ne8 19.Bxe5 Bxe5 20.Rb6 Bxb3 21.Rxb3 
b5 22.Bd3 Nc7 23.O-O Ne6 24.Nd5 Rd8 25.Bb1 Nc5 26.Rb4 Na4 27.Ne7+ Kf8 28.
Nc6 Bd6 29.Rxa4 Bc5+ 30.Kh1 Rd6 31.e5 Rxc6 32.Rh4 Rd8 33.Rxh7 Rd2 34.Be4 
Re6 35.f4 Rxb2 36.Bd5 Re7 37.Rh8+ Kg7 38.Rc8 Be3 39.Rc3 Bxf4 40.Rcf3 g5 
41.g3 Rxe5 42.Rd3 Be3 43.Bxf7 Re7 44.Bb3 a5 45.Re1 Bc5 46.Rxe7+ Bxe7 47.
Rd7 Re2 48.Bd5 Kf6 49.Rb7 Rb2 50.Bc4 b4 51.Ra7 Rc2 52.Ra6+ Kg7 53.Bb3 Rc5 
54.Kg2 1/2-1/2